| 000 | 02246nam0a2200325 4500 | ||
|---|---|---|---|
| 001 | RU\NLR\bibl\889275 | ||
| 005 | 20260406002834.0 | ||
| 010 |
_a5-93461-191-7 _9300 |
||
| 021 |
_aRU _b2005-74398 _93668 |
||
| 035 | _a(NLR Aleph) 000877791 | ||
| 090 |
_a1639762 _c1639762 |
||
| 100 | _a20051216d2005 |||y0rusy50 ca | ||
| 101 | 0 | _arus | |
| 102 | _aRU | ||
| 105 | _aa ||||||||| | ||
| 200 | 1 |
_aОрганизация и технология машинизированного текущего содержания пути на дистанции _eучебное пособие для вузов ж.-д. транспорта _e[для студентов факультета "Строительство железных дорог" специальности 270204 "Строительство железных дорог, путь и путевое хозяйство"] _fН.И. Карпущенко, А.А. Николаенко, А.А. Карманов, Д.В. Величко _gСиб. гос. ун-т путей сообщения |
|
| 210 |
_aНовосибирск _cИзд-во Сибирского государственного университета путей сообщения _d2005 |
||
| 215 |
_a193, [1] с., [8] л. ил. _cил. _d20 |
||
| 320 | _aБиблиогр.: с. 192 (11 назв.) | ||
| 606 | 1 |
_aЖелезнодорожный путь _jУчебные издания для высших учебных заведений _xТехническое обслуживание _xМеханизация _91031415 _3RU\NLR\auth\66395716 |
|
| 686 | _aО211-082.05-5я73-1 | ||
| 701 | 1 |
_aКарпущенко _bН. И. _gНиколай Иванович _4070 |
|
| 701 | 1 |
_4070 _8rus _7ca _aНиколаенко _bА. А. _cканд. техн. наук _gАнатолий Арсентьевич _3RU\NLR\auth\77112393 _995318 |
|
| 701 | 1 |
_aКарманов _bА. А. _gАнатолий Андреевич _4070 |
|
| 701 | 1 |
_4070 _8rus _7ca _aВеличко _bД. В. _cканд. техн. наук, ж.-д. трансп. _gДмитрий Валерьевич _3RU\NLR\auth\7795808 _978734 |
|
| 801 | 0 |
_aRU _bNLR _c20051216 _grcr |
|
| 801 | 1 |
_aRU _bNLR _c20051216 |
|
| 942 | _cBOOK | ||
| 980 | _aNB | ||